Management of solid wastes in developing countries (Record no. 411776)

000 -LEADER
fixed length control field 00537cam a22001457a 4500
008 - FIXED-LENGTH DATA ELEMENTS--GENERAL INFORMATION
fixed length control field 180718b1976 xxu||||| |||| 00| 0 eng d
082 ## - DEWEY DECIMAL CLASSIFICATION NUMBER
Classification number X83 W893
100 ## - MAIN ENTRY--PERSONAL NAME
Personal name Flintoff, Frank
245 ## - TITLE STATEMENT
Title Management of solid wastes in developing countries
Statement of responsibility, etc. By Frank Flintoff
260 ## - PUBLICATION, DISTRIBUTION, ETC.
Place of publication, distribution, etc. New Delhi
Name of publisher, distributor, etc. World Health Organization
Date of publication, distribution, etc. 1976
300 ## - PHYSICAL DESCRIPTION
Extent xvi, 242p
440 ## - SERIES STATEMENT/ADDED ENTRY--TITLE
Title WHO regional publications South-East Asia series; 1
650 ## - SUBJECT ADDED ENTRY--TOPICAL TERM
Topical term or geographic name entry element Environmental management -- Developing countries
650 ## - SUBJECT ADDED ENTRY--TOPICAL TERM
Topical term or geographic name entry element Refuse and refuse disposal -- Developing countries
Holdings
Withdrawn status Lost status Damaged status Not for loan Permanent Location Current Location Date acquired Full call number Barcode Date last seen Price effective from Koha item type
        Indian Institute of Public Administration Indian Institute of Public Administration 2009-02-02 X83 W893 DA4939 2018-07-21 2018-07-21 DA

Powered by Koha